Central Library OPAC University of Rajshahi

Johnson's England : (Record no. 24750)

MARC details
000 -LEADER
fixed length control field 01066nam a2200277 a 4500
001 - CONTROL NUMBER
control field 24750
003 - CONTROL NUMBER IDENTIFIER
rucl marc code BD-RjUL
005 - DATE AND TIME OF LATEST TRANSACTION
control field 20211209001108.0
008 - FIXED-LENGTH DATA ELEMENTS--GENERAL INFORMATION
fixed length control field 140315r19521933enkafcb b 001 0 eng d
035 ## - SYSTEM CONTROL NUMBER
System control number (BD-RjUL)24819
040 ## - CATALOGING SOURCE
Original cataloging agency WOO
Modifying agency m.c
-- OCL
-- BD-RjUL
Language of cataloging eng
Transcribing agency BD-RjUL
041 ## - LANGUAGE CODE
Language code of text/sound track or separate title eng
082 04 - DEWEY DECIMAL CLASSIFICATION NUMBER
Classification number 942.07
Author mark and year JOH 1952
245 00 - TITLE STATEMENT
Title Johnson's England :
Remainder of title an account of the life & manners of his age /
Statement of responsibility, etc. edited by A. S. Turberville.
Number of part/section of a work Volume-1
260 ## - PUBLICATION, DISTRIBUTION, ETC. (IMPRINT)
Place of publication, distribution, etc. Oxford :
Name of publisher, distributor, etc. Clarendon Press,
Date of publication, distribution, etc. 1933 [reprinted 1952].
300 ## - PHYSICAL DESCRIPTION
Pagination V-1 (xiii, 405 p.) :
Illustrations ill., ports., maps, facsims. ;
Size 24 cm.
504 ## - BIBLIOGRAPHY, ETC. NOTE
Bibliography, etc Includes bibliographical references and index.
600 10 - SUBJECT ADDED ENTRY--PERSONAL NAME
Personal name Johnson, Samuel,
Dates associated with a name 1709-1784
General subdivision Contemporary England.
651 #0 - SUBJECT ADDED ENTRY--GEOGRAPHIC NAME
Geographic name Great Britain
General subdivision Social life and customs
Chronological subdivision 18th century.
9 (RLIN) 65265
Geographic name Great Britain
General subdivision History
Chronological subdivision 18th century.
9 (RLIN) 76178
Geographic name Great Britain
General subdivision Intellectual life
Chronological subdivision 18th century.
9 (RLIN) 55007
700 1# - ADDED ENTRY--PERSONAL NAME
Personal name Turberville, Arthur Stanley,
Dates associated with a name 1888-1945.
942 ## - ADDED ENTRY ELEMENTS (KOHA)
Source of classification or shelving scheme Dewey Decimal Classification
Koha item type Books
Holdings
Lost status Source of classification or shelving scheme Damaged status Not for loan Collection code Permanent Location Current Location Shelving location Date acquired Source of acquisition Cost, normal purchase price Total Checkouts Full call number Date last seen Copy number Koha item type
  Dewey Decimal Classification   Added to bundle Non-fiction Central Library, University of Rajshahi Central Library, University of Rajshahi Reading Room 26/02/1955 O. U. P. dacca 35.00   942.07 JOH V-1 1952 15/03/2014 C-1 Books